| 000 | 00380nam a2200157Ia 4500 | ||
|---|---|---|---|
| 008 | 230312s9999||||xx |||||||||||||| ||und|| | ||
| 020 | _a0-07-144519-6 | ||
| 082 |
_a658.85 _bGAR |
||
| 100 | _aGardner, Patricia H | ||
| 245 | 0 | _aMillion Dollar Sale | |
| 260 |
_bMcGraw Hill _aLondon _c2005 |
||
| 300 | _a177 | ||
| 546 | _aEng. | ||
| 650 |
_aManagement _vthe codebreaker |
||
| 942 | _cBK | ||
| 999 |
_c282 _d282 |
||